The man who discovered quality

Сохранить в:
Библиографические подробности
Главный автор: Gabor, Andrea
Формат:
Язык:Undetermined
Опубликовано: New York Times Books 1990
Предметы:
Метки: Добавить метку
Нет меток, Требуется 1-ая метка записи!
Thư viện lưu trữ: Trung tâm Học liệu Trường Đại học Cần Thơ
LEADER 00471nam a2200181Ia 4500
001 CTU_79107
008 210402s9999 xx 000 0 und d
082 |a 658.562 
082 |b G116 
100 |a Gabor, Andrea 
245 4 |a The man who discovered quality 
245 0 |c Andrea Gabor 
260 |a New York 
260 |b Times Books 
260 |c 1990 
650 |a Quality control 
650 |z United States 
980 |a Trung tâm Học liệu Trường Đại học Cần Thơ